[Event "Idaho Open"]
[Site "Pocatello, ID"]
[Date "2007.03.31"]
[Round "2.6"]
[White "Owen, Gary"]
[Black "Seiniger, Sam"]
[Result "1/2-1/2"]
[WhiteElo "1555"]
[BlackElo "1507"]

1. e4 e5 2. Nf3 Nc6 3. d4 exd4 4. Nxd4 Nxd4 5. Qxd4 Nf6 6. Bg5 Be7 7. Bd3 d5
8. Nc3 dxe4 9. Qxd8+ Bxd8 10. Nxe4 Nxe4 11. Bxd8 Kxd8 12. Bxe4 Re8 13. O-O-O+
Ke7 14. Rhe1 Kf8 15. f3 Rb8 16. Bd5 Rxe1 17. Rxe1 c6 18. Bb3 Bf5 19. g4 Bg6
20. h4 h6 21. h5 Bh7 22. c3 f6 23. f4 Re8 24. Rxe8+ Kxe8 25. f5 Ke7 26. Kd2
Kd6 27. Ke3 Ke5 28. Be6 b6 29. b4 Kd6 30. Ke4 Ke7 31. c4 Kf8 32. a4 Ke7 33. c5
bxc5 34. bxc5 a5 35. Bc4 Kd7 36. Kd4 Kc7 37. Be6 Kd8 {#d} 1/2-1/2

[Event "Idaho Open"]
[Site "Pocatello, ID"]
[Date "2007.03.31"]
[Round "3.6"]
[White "Treiman, Scott"]
[Black "Owen, Gary"]
[Result "1-0"]
[WhiteElo "1378"]
[BlackElo "1555"]

1. d4 e6 2. Nf3 Nf6 3. e3 d5 4. Bd3 Bd6 5. O-O c5 6. c3 c4 7. Bc2 O-O 8. Nbd2
Nc6 9. e4 Be7 10. e5 Ne8 11. Re1 Bd7 12. Nf1 Nc7 13. a4 a5 14. Re3 b5 15. axb5
Nxb5 16. h4 f5 17. exf6 Bxf6 18. g3 Qc7 19. N1h2 Qd6 20. Ng4 Rae8 21. Nxf6+
Rxf6 22. Ne5 Qc7 23. Nxd7 Qxd7 24. Ba4 Nba7 25. Rf3 Ref8 26. Rxf6 Rxf6 27. b3
Qf7 28. Be3 e5 29. bxc4 dxc4 30. Bxc6 Nxc6 31. dxe5 Nxe5 32. Qd8+ Qf8 33.
Qxf8+ Rxf8 34. Rxa5 Nf3+ 35. Kg2 Ne1+ 36. Kh3 Nd3 37. f4 Re8 38. Bd4 Re7 39.
Ra8+ Kf7 40. Rh8 h6 41. Rc8 Nb2 42. Kg4 g6 43. Ra8 h5+ 44. Kg5 Re6 45. Ra7+
Kf8 46. Bf6 Nd1 47. Kxg6 Ke8 48. Ra8+ Kd7 49. Rd8+ Kc6 50. Rxd1 {#r} 1-0

[Event "Idaho Open"]
[Site "Pocatello, ID"]
[Date "2010.05.01"]
[Round "2.7"]
[White "Kepple, Alan C"]
[Black "Owen, Gary"]
[Result "0-1"]
[WhiteElo "1201"]
[BlackElo "1599"]

1. d4 d5 2. c4 c6 3. e3 Nf6 4. Nc3 Bf5 5. Nf3 e6 6. Be2 Be7 7. O-O O-O 8. cxd5
exd5 9. a3 Nbd7 10. b4 Qc7 11. Bb2 Bd6 12. Rc1 Qb8 13. Bd3 Bxd3 14. Qxd3 Ng4
15. h3 Nh2 16. Nxh2 Bxh2+ 17. Kh1 Bd6 18. e4 Bf4 19. Rce1 Nb6 20. e5 Nc4 21.
Nd1 Re8 22. Re2 Qc7 23. Ne3 Bxe3 24. fxe3 a5 25. Ref2 Re7 26. e4 axb4 27. axb4
Ra2 28. exd5 cxd5 29. Bc1 Rxf2 30. Rxf2 Nxe5 31. Qa3 Nc6 32. Qa8+ Qb8 33.
Qxb8+ Nxb8 34. Kh2 Nc6 35. Rd2 Re4 36. b5 Na5 37. Ba3 Nc4 38. Ra2 f5 39. Bc5
b6 40. Ra6 Re6 41. Ra8+ Kf7 42. Bb4 Nd6 43. Rd8 Ke7 44. Bxd6+ Kxd8 45. Be5 g5
46. g3 h5 47. Kg2 Kd7 48. Kf3 Re8 49. Bf6 g4+ 50. hxg4 hxg4+ 51. Kf2 Ke6 52.
Be5 Rc8 53. Ke3 Rc3+ 54. Kd2 Rb3 55. Kc2 Rxb5 56. Kc3 Rb1 {#R} 0-1

[Event "Idaho Open"]
[Site "Pocatello, ID"]
[Date "2010.05.01"]
[Round "3.4"]
[White "Owen, Gary"]
[Black "Finch, Douglas W"]
[Result "1-0"]
[WhiteElo "1599"]
[BlackElo "1373"]

1. e4 c5 2. Nf3 d6 3. d4 cxd4 4. Nxd4 a6 5. Nc3 g6 6. Be2 Bg7 7. O-O Nd7 8.
Be3 Ngf6 9. a4 O-O 10. f4 e5 11. Nb3 b6 12. Qxd6 Ne8 13. Qd3 Nc7 14. Rad1 Qe7
15. Nd5 Nxd5 16. Qxd5 Rb8 17. Bc4 Nf6 18. Qd3 Bb7 19. Bd5 Rfd8 20. Bxb6 Rd7
21. Bc5 Qe8 22. c4 exf4 23. Rxf4 Nxd5 24. exd5 Bxb2 25. Re4 Qd8 26. Nd4 Bxd5
27. cxd5 Rxd5 28. Qc2 Qg5 29. Be7 Bxd4+ 30. Kh1 Rb2 31. Bxg5 Rxc2 32. h4 Be5
33. Rxd5 {#r} 1-0

[Event "Idaho Open (Open)"]
[Site "Pocatello, ID"]
[Date "2011.04.17"]
[Round "4.4"]
[White "Black, Stephen Rex"]
[Black "Owen, Gary"]
[Result "0-1"]
[WhiteElo "1194"]
[BlackElo "1589"]

1. d4 Nf6 2. c3 e6 3. g3 d5 4. Bg5 Be7 5. Bxf6 Bxf6 6. f4 O-O 7. Nf3 Nc6 8. h4
h6 9. e3 Bd7 10. Bd3 Be7 11. g4 f5 12. g5 h5 13. g6 Be8 14. Ng5 Bxg5 15. Qxh5
Bh6 16. Bb5 Rf6 17. Bxc6 bxc6 18. Rg1 Bxg6 19. Rxg6 Rxg6 20. Qxg6 Qxh4+ 21.
Kd1 Qf6 22. Qxf6 gxf6 23. Na3 Bf8 24. Nc2 Rb8 25. b4 Bd6 26. Ke2 Kf7 27. Rf1
Rg8 28. a4 Rg2+ 29. Rf2 Rxf2+ 30. Kxf2 e5 31. fxe5 fxe5 32. dxe5 Bxe5 33. Nd4
Bxd4 34. exd4 Kg6 35. Kg2 Kg5 36. Kg3 a6 37. a5 f4+ 38. Kf3 Kf5 39. Kf2 Ke4
40. Ke2 f3+ 41. Kf2 Kf4 42. Kf1 Ke3 43. Ke1 f2+ 44. Kf1 Kd3 45. Kxf2 Kxc3 46.
Ke1 Kxd4 47. Kd2 Kc4 {#R} 0-1

[Event "Eastern Idaho Open (Open)"]
[Site "Pocatello, ID"]
[Date "2011.09.24"]
[Round "1.2"]
[White "Owen, Gary"]
[Black "McLaughlin, Edward J"]
[Result "0-1"]
[WhiteElo "1601"]
[BlackElo "1758"]

1. e4 c5 2. Nf3 a6 3. Nc3 b5 4. d4 cxd4 5. Nxd4 Bb7 6. Bd3 e6 7. O-O Bc5 8.
Nb3 Bb6 9. Qg4 Nf6 10. Qxg7 Rg8 11. Qh6 b4 12. Bg5 Rg6 13. Bxf6 Qxf6 14. Qxh7
bxc3 15. bxc3 Nc6 16. e5 Rxg2+ 17. Kxg2 Qg5+ 18. Kh1 Qxe5 19. f3 O-O-O 20. Qe4
Qf6 21. Qc4 Rh8 22. Qg4 Ne5 {(Time Forfeit)} {#R} 0-1

[Event "Idaho Open (Open)"]
[Site "Pocatello, ID"]
[Date "2012.04.21"]
[Round "2.4"]
[White "Owen, Gary"]
[Black "Black, Gatlin Scott"]
[Result "1-0"]
[WhiteElo "1608"]
[BlackElo "1017"]

1. e4 c5 2. Nf3 d6 3. d4 cxd4 4. Nxd4 Nf6 5. Nc3 g6 6. Be2 Bg7 7. O-O O-O 8.
Be3 b6 9. f4 Bb7 10. Bf3 Nbd7 11. Nd5 e5 12. Nb5 Bxd5 13. exd5 e4 14. Be2 Nc5
15. Rb1 a6 16. Na3 a5 17. Bb5 h5 18. Bc6 Rc8 19. Bd4 Nfd7 20. Bxg7 Kxg7 21.
Nc4 Qc7 22. f5 Nb8 23. f6+ Kg8 24. Qd2 Kh7 25. Bb5 Nb7 26. Kh1 Nd7 27. Bxd7
Qxc4 28. Bxc8 Rxc8 29. b3 Qxc2 30. Qxc2 Rxc2 31. Rfc1 Rxc1+ 32. Rxc1 Nc5 33.
Re1 Kh6 34. h4 g5 35. a3 gxh4 36. b4 axb4 37. axb4 Nd7 38. Rxe4 Nxf6 39. Rxh4
Nxd5 40. Rd4 Ne7 41. Rxd6+ Kg5 42. Rxb6 Nf5 43. Rb5 Kf6 44. Rb6+ Ke7 45. Kg1
Nd6 46. Rc6 Kd7 47. Rc5 h4 48. Rh5 Kc6 49. Rxh4 Kb5 50. Kf2 Nc4 51. Ke2 Ne5
52. Rh5 f6 53. Rf5 Kxb4 54. Rxf6 Kc5 55. Rf5 Kd5 56. Ke3 Ke6 57. Ke4 Ng6 58.
g4 Nh4 59. Rh5 Ng6 60. g5 Kf7 61. Rh7+ Kg8 62. Rc7 Nf8 63. Kf5 Kh8 64. g6 Kg8
65. Kf6 Nh7+ 66. Rxh7 Kf8 67. Rh8# 1-0

[Event "Idaho Open (Open)"]
[Site "Pocatello, ID"]
[Date "2012.04.21"]
[Round "3.4"]
[White "Black, Stephen Rex"]
[Black "Owen, Gary"]
[Result "0-1"]
[WhiteElo "1119"]
[BlackElo "1608"]

1. d4 Nf6 2. c4 g6 3. b4 Bg7 4. e3 O-O 5. f3 d6 6. h4 c5 7. g4 cxb4 8. h5 h6
9. hxg6 fxg6 10. e4 g5 11. Qe2 Nc6 12. Bb2 e5 13. d5 Nd4 14. Bxd4 exd4 15. Nd2
Bd7 16. Nh3 Nh7 17. O-O-O Qf6 18. Qd3 a5 19. Be2 b5 20. Rdf1 bxc4 21. Nxc4 Bb5
22. Qb3 Bxc4 23. Bxc4 Qe5 24. Bb5 Rfc8+ 25. Bc6 a4 26. Qxb4 d3 27. Kd2 Rab8
28. Qxa4 Qc3+ 29. Ke3 Rb4 30. Qxb4 Qxb4 31. f4 Qd4+ 32. Kf3 Nf6 33. Nf2 gxf4
34. Rd1 Qe3+ 35. Kg2 Qg3+ 36. Kf1 Nxg4 37. Nxg4 Qxg4 38. Rxd3 Rb8 39. Rb3 Rxb3
40. axb3 Qf3+ 41. Kg1 Bd4+ 42. Kh2 Qg3# 0-1

[Event "Idaho Open (Open)"]
[Site "Pocatello, ID"]
[Date "2013.05.18"]
[Round "1.5"]
[White "Mathur, Abhinav"]
[Black "Owen, Gary"]
[Result "1-0"]
[WhiteElo "1759"]
[BlackElo "1608"]

1. d4 Nf6 2. c4 g6 3. Nc3 Bg7 4. Bf4 O-O 5. Nf3 d6 6. e3 Bg4 7. Be2 Nbd7 8. h3
Bf5 9. Bg5 e5 10. g4 exd4 11. exd4 h6 12. Bxf6 Qxf6 13. Nd5 Qd8 14. gxf5 c6
15. Nc3 Qe7 16. Qd3 Rae8 17. O-O-O g5 18. Rde1 c5 19. Bd1 Qd8 20. Bc2 f6 21.
Re6 Rxe6 22. fxe6 f5 23. Nd5 Qe8 24. exd7 Qxd7 25. dxc5 Kh8 26. cxd6 Qxd6 27.
Re1 {#r} 1-0

[Event "ICA Spring Open"]
[Site "Pocatello, ID"]
[Date "2015.04.18"]
[Round "2.5"]
[White "Nathan, Oliver Eli"]
[Black "Owen, Gary"]
[Result "0-1"]
[WhiteElo "407"]
[BlackElo "1590"]
[EventRounds "4"]
[EventCountry "USA"]

1. e4 e5 2. Nf3 Nf6 3. Bd3 Nc6 4. O-O Bc5 5. Nc3 O-O 6. Bb5 d6 7. Bxc6 bxc6 8.
d3 Bg4 9. Bf4 exf4 10. Na4 Bb6 11. Nxb6 cxb6 12. Qd2 Bxf3 13. gxf3 Nh5 14. Qc3
c5 15. Qc4 Qg5+ 16. Kh1 Qh4 17. Qd5 Ng3+ 18. Kg1 Nxf1 {#R} 0-1

[Event "ICA Spring Open (Open)"]
[Site "Pocatello, ID"]
[Date "2016.04.23"]
[Round "3.1"]
[White "McLaughlin, Edward J"]
[Black "Owen, Gary"]
[Result "1-0"]
[WhiteElo "1700"]
[BlackElo "1557"]
[EventRounds "4"]
[EventCountry "USA"]

1. d4 Nf6 2. Nf3 g6 3. b3 Bg7 4. Bb2 O-O 5. Nbd2 d6 6. e4 Nc6 7. Be2 e5 8.
dxe5 dxe5 9. Nxe5 Nxe5 10. Bxe5 Re8 11. Bxf6 Bxf6 12. Rc1 Bc3 13. Bd3 Bf5 14.
O-O Bxd2 15. Qxd2 Bxe4 16. Rcd1 Bc6 17. Qf4 Qd6 18. Qxd6 cxd6 19. Bc4 Rad8 20.
f3 d5 21. Bd3 Re3 22. Kf2 Rde8 23. a4 a6 24. Rfe1 Rxe1 25. Rxe1 Rxe1 26. Kxe1
f5 27. Kd2 Kf7 28. Kc3 Ke6 29. Kd4 Kd6 30. h4 h6 31. f4 h5 32. a5 Bd7 33. b4
Be6 34. c4 Bf7 35. b5 axb5 36. cxb5 Be8 37. Be2 Bd7 38. Bf3 Bxb5 39. Bxd5 Bc6
40. Bf7 Bxg2 41. Bxg6 Be4 42. Bxh5 Ke6 43. Kc5 Kf6 44. Be8 Ke7 45. Bb5 Kf6 46.
Bc4 Kg6 47. Bd5 Kh5 48. Bxe4 fxe4 49. Kd4 e3 50. Kxe3 Kxh4 51. Kd4 {#r} 1-0